Регионална библиотека "Любен Каравелов" - Русе

Пещ (Запис номер 97261)

MARC детайли
000 -Лидер
Контролно поле с фиксирана дължина 01046nam a2200301 c 4500
003 - Код на организацията, давaща контролен номер
Контролно поле BLK
005 - Дата и час на последна редакция
Контролно поле 20180422105114.0
008 - Елементи от данни с фиксирана дължина
fixed length control field 180409b bul|||||r ||||||| ||bul||
010 ## - Наследен системен номер
LC control number KNG00102169000
020 ## - Международен стандартен номер на книга ISBN
Международен стандартен номер на книга ISBN 954-9745-33-3
-- издат.: Еднорог
040 ## - Източник на каталожния запис
Идентификатор на билиотеката - собственик на записа BLK
041 ## - Код за език
Код за езика на текст/звукозапис или на отделно заглавие Български
Код за езика КДБФ Български
080 ## - УДК
Текстов определител УДК Шотландска литература
УДК код - определител по УДК 821.152.2
УДК определител -1
УДК - код + определител 821.152.2-1
100 1# - Редна дума - Автор
Автор Макилвани, Уилям
Авторска отговорност първи автор
R(LIN) 91209
139 ## - Редно поле
Редна дума Макилвани, Уилям
Авторски знак Мак - М 19
245 10 - Сведения за заглавието
Заглавие Пещ
Редно поле (дума) Уилям Макилвани; прев. Владимир Германов.
257 ## - Страна на издаване
Страна на създаване/издаване Великобритания
260 ## - Област на издателските данни
-- София
Име на издателя, разпространителя и проч. Еднорог
Година на издаване 2001
Печатница София : Петекстон
300 ## - Физическа характеристика
Страници 304 с.
Размери/Мащаб 20 см
380 ## - Жанр
Жанр Худож. лит.
500 ## - Общи забележки
Забележка Ориг. загл. The kiln / William McIlvanney
700 1# - Други автори (авторска отговорност)
Лично име Германов, Владимир
Автороска отговорност (Описва отношението между автора и произведението) прев.
9 (RLIN) 363432
852 ## - Местоположение
Форматна сигнатура Цб 212058
856 4# - Електронен адрес и достъп
Електронен формат pdf - файл
Път до файла /url/
856 4# - Електронен адрес и достъп
Електронен формат pdf - файл
Път до файла /url/
942 ## - АРТИКУЛИ
Вид на библиотечния материал Книги
Скрит в OPAC Не
944 ## - СЪЗДАВАНЕ И РЕДАКЦИЯ на ЗАПИСА
Създаване/Редакция Създаване
Дата на регистрацията/редакция 01.01.2001
Служител, извършил регистрацията/редакцията Цветанка_Енчева
944 ## - СЪЗДАВАНЕ И РЕДАКЦИЯ на ЗАПИСА
Създаване/Редакция Редакция
Дата на регистрацията/редакция 01.03.2005
Служител, извършил регистрацията/редакцията
999 ## - СИСТЕМНИ КОНТРОЛНИ НОМЕРА
Koha biblionumber 97261
Koha biblioitemnumber 97261
Наличности
Код за отписване Код за изгубен артикул Код за повреда Коз за рестрикции Код за отдаване Артикулен № Име на библиотеката - собственик Име на библиотеката, в която се намира в момента Статус (Текущо местоположение) Дата на вписване в системата Местоположение - отдел Цена в лева Инвентарен номер Систематично азбучна сигнатура Баркод Номер на екземпляра Цена в евро Служебна бележка Служебен тип на артикула
  Не е изгубен Не е повреден без рестрикции ползва се в читалня 155982 Регионална библиотека "Любен Каравелов" Русе Регионална библиотека "Любен Каравелов" Русе Хранилище 2002-06-25 Хранилище 6.20 120000670883 Цб 212058 120000670883 1 3.17 Дост: Dp Вид: Д N: 3 Дата: 02.01.2002 Книги
Vip Innovations Ltd, Rousse, Bulgaria 2025